Conflict and cooperation in management

Bibliographic Details
Corporate Author: Harvard business review (Author)
Format: Book
Published: Boston Harvard Business Review 1973
Subjects:

MARC

LEADER 00000cam a2200000 7i4500
001 0000008182
008 021119n
020 |a 0867351160 
090 0 0 |a HD6971  |b .H3 
110 0 |a Harvard business review  |e author 
245 0 0 |a Conflict and cooperation in management 
260 2 |a Boston   |b Harvard Business Review  |c 1973 
300 |a 156 p.  |c 28 cm. 
650 0 |a Industrial relations 
650 0 |a Interorganizational relations 
650 0 |a Organizational effectiveness 
999 |a 1000030639  |b Book  |c Reference  |e Gong Badak Campus